000 01495nam a2200325 i 4500
999 _c65374
_d65374
001 768714001
003 CO-MdFUSB
005 20200225145440.0
008 200212t2007 -usabj|| |||| 00| 0 eng d
020 _a9781844741908
040 _aCO-MdFUSB
_bspa
_cCO-MdFUSB
_dCO-MdFUSBC
_erda
041 _aeng
082 _223
_a296.0901
_bH586i
100 _aHess, Richard S.
_eautor
245 1 0 _aIsraelite religions :
_ban archaelogical and biblical survey
_c/ Richard S. Hess.
264 1 _aEstados Unidos :
_bInterVarsity Press,
_c[2007]
264 4 _c© 2007
300 _a432 páginas
_c; 24 cm
_bMapas, Ilustraciones
336 _2rdacontent
_atexto
_btxt
337 _2rdamedia
_asin mediación
_bn
338 _2rdacarrier
_avolumen
_bnc
505 _aEnfoques para el estudio de la religión. -- Estudio previo de la religión israelita. -- Religión semítica pre-israelita del oeste: Siria y Egipto. -- Religión semítica pre-israelita del oeste: Siria y Egipto: Palestina y Jordania.-- Hilos narrativos y legales del pentateuco. - Hilos sacerdotales y cultos del pentateuco. -- Principios de israel y la monarquía unida.-- Fuentes escritas para la monarquía dividida. -- Fuentes arqueológicas para la monarquía dividida.-- Religión exilica y postexilica. conclusiones
563 _aRústico
630 0 7 _aBiblia.
_pAntiguo Testamento
650 7 _92124
_aArqueología bíblica
_2embne
651 7 _aIsrael
942 _cBK
945 _aJTF-925